02524nam a2200325 a 4500008004100000020001500041050001500056100003600071245003000107250001200137260004100149300002500190350000900215500001800224650002500242650003900267995015300306995015500459995016100614995016200775995015500937995015401092995015201246995016001398995015501558995016301713995015201876995015302028999001702181120416s1997 ||||||||||||||||| || u a0750633654 aQD 181 Gre aGreenwood, N. N. (Norman Neill)10aChemistry of the elements a2nd ed. aOxfordbButterworth-Heinemannc1997. axxii, 1341 p. : ill. a0.00 aBibliography. 0aANALYTICAL CHEMISTRY 0aCHEMISTRY--HANDBOOKS, MANUALS, ETC aBINDERY (DAMAGED)D0.00e730498FCBU-MAIN LIBRARY (Kitwe)H7I0.00jQD 181 GreM7UDAMAGEDWMar 9, 2007y027332ZMain Library Open Access Collection aBINDERY (DAMAGED)D0.00e730505FCBU-MAIN LIBRARY (Kitwe)H12I0.00jQD 181 GreM12UDAMAGEDWMar 9, 2007y027330ZMain Library Open Access Collection aANNEX COLLECTION (Main Library)D0.00e731646FCBU-MAIN LIBRARY (Kitwe)H5I0.00jQD 181 GreM5UAVAILABLEWMar 9, 2007y028808ZAnnex Low-Usage Collection  aMAIN LIBRARY OPEN ACCESSD0.00e730501FCBU-MAIN LIBRARY (Kitwe)H9I0.00jQD 181 GreM9UAVAILABLEWMar 9, 2007y027427ZMain Library Open Access Collection aBINDERY (DAMAGED)D0.00e730499FCBU-MAIN LIBRARY (Kitwe)H11I0.00jQD 181 GreM11UDAMAGEDWMar 9, 2007y027426ZMain Library Open Access Collection aBINDERY (DAMAGED)D0.00e730503FCBU-MAIN LIBRARY (Kitwe)H4I0.00jQD 181 GreM4UDAMAGEDWJun 28, 2006y027429ZMain Library Open Access Collection aBINDERY (DAMAGED)D0.00e733385FCBU-MAIN LIBRARY (Kitwe)H2I0.00jQD 181 GreM2UDAMAGEDWJun 7, 2006y45287ZMain Library Open Access Collection aANNEX COLLECTION (Main Library)D0.00e735374FCBU-MAIN LIBRARY (Kitwe)H8I0.00jQD 181 GreM8UAVAILABLEWMar 9, 2007y38448ZAnnex Low-Usage Collection  aBINDERY (DAMAGED)D0.00e730504FCBU-MAIN LIBRARY (Kitwe)H10I0.00jQD 181 GreM10UDAMAGEDWMar 9, 2007y027329ZMain Library Open Access Collection aMAIN LIBRARY OPEN ACCESSD0.00e730500FCBU-MAIN LIBRARY (Kitwe)H1I0.00jQD 181 GreM1UAVAILABLEWMay 22, 2006y027428ZMain Library Open Access Collection aBINDERY (DAMAGED)D0.00e733386FCBU-MAIN LIBRARY (Kitwe)H3I0.00jQD 181 GreM3UDAMAGEDWJun 7, 2006y45213ZMain Library Open Access Collection aBINDERY (DAMAGED)D0.00e730502FCBU-MAIN LIBRARY (Kitwe)H6I0.00jQD 181 GreM6UDAMAGEDWMar 9, 2007y027331ZMain Library Open Access Collection c79321d79321